Gaming Quiz

Random Gaming or Board Games Quiz

What's Missing? US Monopoly Quiz Stats

Quiz Updated Dec 1, 2015

Challenge
Share
Tweet
Embed
Score 0/10 Timer 01:30
1 Play Today
All But One in the Set Missing One % Correct
BoardwalkPark Place
93.4%
Electric CompanyWater Works
83.9%
B&O Railroad, Pennsylvania Railroad, Reading RailroadShort Line
68.4%
Illinois Avenue, Indiana AvenueKentucky Avenue
68.3%
Baltic AvenueMediterranean Avenue
68%
Ventnor Avenue, Atlantic AvenueMarvin Gardens
64.8%
Vermont Avenue, Connecticut AvenueOriental Avenue
56.3%
Tennessee Avenue, New York AvenueSt. James Place
54.2%
North Carolina Avenue, Pennsylvania AvenuePacific Avenue
44.1%
Virginia Avenue, St. Charles PlaceStates Avenue
37.3%

You're not logged in!

Compare scores with friends on all Sporcle quizzes.
Join for Free
OR
Log In

You Might Also Like...

Show Comments

Extras

Top Quizzes Today


Score Distribution

Your Account Isn't Verified!

In order to create a playlist on Sporcle, you need to verify the email address you used during registration. Go to your Sporcle Settings to finish the process.

Report this User

Report this user for behavior that violates our Community Guidelines.

Details: